Vocabulary booster : compounds

Guardado en:
Detalles Bibliográficos
Otros Autores: Reddy G.S
Formato: Libro
Publicado: New Delhi : Neekamal publications, c2003.
Materias:
Etiquetas: Agregar Etiqueta
Sin Etiquetas, Sea el primero en etiquetar este registro!

MARC

LEADER 00000nam a2200000 4500
020 |a 8186804897  |c TZS 6,292/= 
040 |a MUL  |b eng.  |e AACR 
082 |a 401.4 RED 
245 |a Vocabulary booster :  |b compounds  |c / edited by G.S. Reddy  
260 |a New Delhi :  |b Neekamal publications,   |c c2003. 
300 |a iii, 252 p. :  |c 23 cm. 
546 |a eng 
650 |a Vocabularies 
700 |a Reddy G.S.  
942 |c BK 
999 |c 2873  |d 2873